000 00978nam a2200313Ia 4500
003 GCL
005 20240530101849.0
008 140319s9999 xx 000 0 ara d
040 _aGCL /
_cGCL
082 0 4 _a913.31
_bق/ن س
100 1 _aناصر خسرو علوى
245 1 0 _aسفر نامة /
_cناصر خسرو علوى
260 _aالقاهرة :
_bالهيئة المصرية العامة للكتاب ،
_c1993
300 _a178 ص ؛
_c24 سم
490 _aالالف كتاب الثانى
_v122
650 0 4 _aمصر
650 0 4 _aايران
650 0 4 _aالعادات والتقاليد
650 0 4 _aفلسطين
650 0 4 _aالعراق
650 0 4 _aشبه الجزيرة العربية
650 0 4 _aالادب الفارسى
650 0 4 _aالرحلات
650 0 4 _aالاثار الاسلامية
650 0 4 _aالرحالة
650 0 4 _aبلاد الشام
650 0 4 _aالعالم الاسلامى
942 _2ddc
_cBK
999 _c28272
_d28272